000
00305nam a22001097a 4500
040
_c
SK
082
_a
338
100
_a
វ៉ាន់ ឌីកាអុន
245
_a
សិក្សាទស្សនៈវិទ្យា
260
_a
Phnom Penh
_b
វ៉ន់ ឌីកាអុន
_c
1973
942
_c
KB
999
_c
8413
_d
8413